00648nam a2200169 i 4500001000700000003000900007005001700016007000300033008004100036100003400077245012200111260003300233300003500266852003200301999001900333952012600352149899ES-MaACL20230906203313.0t|071025s1951 sp ||||1| spa d1 aVandeperre, Lucien J.911305813aEl cálculo de las construcciones soldadas / cLucien J. Vandeperre ; traducción del francés por Benigno Ferrer. aMadrid : bAguilar, c[1951] aXVI, 397 p. : bil. ; c22 cm. aES-MaACLjC-16894 bR.45165 c149899d149899 00104070aATENEOMbATENEOMcGaleríad2008-01-17eSCl0oC-16894p1156419r2023-02-23 00:00:00w2023-02-23yMONOGRAFIA